00795nam a2200217 a 4500008004100000020001800041050001300059100001900072245007000091260003200161300002000193350000900213490002100222650000800243650002600251700001500277700001900292995012000311999001700431952012900448081205s2007 ||||||||||||||||| || u a9780340940273 aK 89 Gri aGriffin, James10aIntellectual propertycJames Griffin, Jane Ying and Abhilash Nair aLondonbHodder Arnoldc2007 avi, 140p.: ill. a0.00 aKey facts series aLAW 2aINTELLECTUAL PROPERTY aYing, Jane aNair, Abhilash D0.00FCBU-MAIN LIBRARY (Kitwe)H1I75000.00M1UOUTVMar 7, 2013WJan 28, 2009ZMain Library Open Access Collection c47172d47172 00102lcc4070a001b001cMain Library Open Access Collectiond2022-11-30l0oK 89 Grip739060r2022-11-30w2022-11-30y002